000 00540nam a2200169Ia 4500
008 230907s9999||||xx |||||||||||||| ||und||
082 _aPhD-ESE-4
100 _aAhmad, Rabia (00000170033)
_9118428
245 0 _aHeterostructure ZIF-derived Nanoporous Carbon-based Electrode Materials for Supercapacitors /
260 _aUSPCAS-E, NUST,
_bIslamabad :
_c2022
300 _axvii, 119 p.
520 _aPhD-ESE-4
650 _aPhD-ESE Thesis
_9116794
650 _aPhD Thesis
_919283
700 _aDr Naseem Iqbal
_916826
942 _cTHE
_2ddc
999 _c601679
_d601679